000 00639nam a22002177a 4500
003 UA-OsUOA
001 56365
007 ta
008 20081017b un ||||| |||| 00| 0 ukr d
100 _aМошенський С.З.
090 _a330
_bМ87
942 _cSA
040 _aUA-OsUOA
_bukr
_cUA-OsUOA
_dUA-OsUOA
245 _aМоделі державного регулювання діяльності фінансових установ
300 _aС.89-99
955 _a0
041 _aukr
080 _a330
773 0 _w56358
_tФінанси України
_dК.
_d2008
_g6
650 7 _a330 Економіка взагалі
_2UDC
999 _c342450
_d342450